|
|
|
|
| LEADER |
00000cas a2200000 a 4500 |
| 001 |
vtls001405171 |
| 003 |
SK-MaSNL |
| 005 |
20260221113218.0 |
| 008 |
010118c19409999enkwr|p r 0 0b0cze |
| 040 |
|
|
|a SNK
|b slo
|c SNK
|e AACR2
|
| 041 |
0 |
|
|a cze
|
| 044 |
|
|
|a xxk
|c GB
|
| 080 |
|
|
|a 050
|2 2001
|
| 245 |
0 |
0 |
|a Čechoslovák
|
| 260 |
|
|
|a Londýn
|b Ministerstvo zahraničních věcí ČSR
|c ?1940-?
|
| 850 |
|
|
|a Slovenská národná knižnica v Martine
|
| 910 |
|
|
|a snk
|
| 999 |
|
|
|c 1773
|d 3703
|
| 952 |
|
|
|0 0
|1 0
|4 0
|7 0
|a SNK
|b SNK
|d 2001-01-18
|l 0
|o snkČSA 261/6/1944
|p 17A0265323
|r 2005-01-02 00:00:00
|t č. 1-52
|w 2026-02-21
|y PREZ
|
| 952 |
|
|
|0 0
|1 0
|4 0
|7 0
|a SNK
|b SNK
|d 2006-02-03
|i snkI.733/47
|l 0
|o snkČSA 261/3/1941
|p 17A0495924
|r 2026-02-21 21:10:33
|t č. 1-52
|w 2026-02-21
|y PREZ
|
| 952 |
|
|
|0 0
|1 0
|4 0
|7 0
|a SNK
|b SNK
|d 2006-02-03
|i snkI.732/47
|l 0
|o snkČSA 261/2/2/1940
|p 17A0495973
|r 2026-02-21 21:10:33
|t č. 43-50
|w 2026-02-21
|y PREZ
|
| 952 |
|
|
|0 0
|1 0
|4 0
|7 0
|a SNK
|b SNK
|d 2006-02-03
|i snkI.737/47
|l 0
|o snkČSA 261/7/1945
|p 17A0495971
|r 2026-02-21 21:10:33
|t č. 1-52
|w 2026-02-21
|y PREZ
|
| 952 |
|
|
|0 0
|1 0
|4 0
|7 0
|a SNK
|b SNK
|d 2006-02-03
|i snkI.735/47
|l 0
|o snkČSA 261/5/1943
|r 2026-02-21 21:10:33
|t č. 1-52
|w 2026-02-21
|y PREZ
|
| 952 |
|
|
|0 0
|1 0
|4 0
|7 0
|a SNK
|b SNK
|d 2006-02-03
|i snkI.734/47
|l 0
|o snkČSA 261/4/1942
|p 17A0495939
|r 2026-02-21 21:10:38
|t č. 1-52
|w 2026-02-21
|y PREZ
|